| 000 | 00399nam a2200157Ia 4500 | ||
|---|---|---|---|
| 008 | 130729s9999 xx 000 0 und d | ||
| 072 | _aNumerical Analysis | ||
| 082 | _a518 | ||
| 082 | _bG3419 | ||
| 100 |
_aGheorghiu,C.I. _9672 |
||
| 245 | _aLectures On Numerical Analysis | ||
| 245 | _cGheorghiu,C.I. | ||
| 300 | _a126 | ||
| 300 | _fIllustration,index,reference,tables & graph | ||
| 942 | _cBK | ||
| 999 |
_c6451 _d6451 |
||